[Event "Noisy le Grand op"]
[Site "Noisy le Grand"]
[Date "2003.??.??"]
[Round "1"]
[White "Annequin, Leon"]
[Black "Chenaf, Menad Hassen"]
[Result "0-1"]
[WhiteElo "1470"]
[BlackElo "1970"]
[PlyCount "64"]
[EventDate "2003.05.??"]
[EventType "swiss"]
[EventRounds "7"]
[EventCountry "FRA"]
[SourceTitle "EXT 2005"]
[Source "ChessBase"]
[SourceDate "2004.11.15"]
[SourceVersion "1"]
[SourceVersionDate "2004.11.15"]
[SourceQuality "1"]

1. d4 Nf6 2. c4 c5 3. d5 b5 4. cxb5 a6 5. Nc3 axb5 6. Nxb5 Ba6 7. Nc3 d6 8. Nf3 g6 9. g3 Bg7 10. Bg2 0-0 11. 0-0 Nbd7 12. Re1 Qc7 13. e4 Ng4 14. Qc2 Rfb8 15. h3 Nge5 16. Nxe5 Nxe5 17. Rb1 Bd3 18. Qd2 Bxb1 19. f4 Nd3 20. Re3 Nxc1 21. Qxc1 Bxa2 22. Kh2 Qb6 23. Re2 Qb4 24. e5 Bc4 25. Rd2 dxe5 26. d6 Ra7 27. d7 Rd8 28. Bc6 exf4 29. Qe1 Be6 30. Nd5 Bxd5 31. Bxd5 Raxd7 32. Bxf7+ Kxf7 0-1

[Event "Noisy le Grand op"]
[Site "Noisy le Grand"]
[Date "2003.??.??"]
[Round "2"]
[White "Chenaf, Menad Hassen"]
[Black "Piot, Olivier"]
[Result "1-0"]
[WhiteElo "1970"]
[BlackElo "2212"]
[PlyCount "51"]
[EventDate "2003.05.??"]
[EventType "swiss"]
[EventRounds "7"]
[EventCountry "FRA"]
[SourceTitle "EXT 2005"]
[Source "ChessBase"]
[SourceDate "2004.11.15"]
[SourceVersion "1"]
[SourceVersionDate "2004.11.15"]
[SourceQuality "1"]

1. b3 e5 2. Bb2 d6 3. e3 g6 4. Nf3 Bg7 5. c4 f5 6. Be2 Nf6 7. 0-0 0-0 8. d4 e4 9. Nfd2 c6 10. b4 Be6 11. Nc3 d5 12. a4 Bh6 13. g3 g5 14. Re1 f4 15. Bf1 Ng4 16. cxd5 cxd5 17. Bh3 Qd7 18. Nxd5 Nxf2 19. Bxe6+ Qxe6 20. Qb3 Nh3+ 21. Kh1 Nd7 22. exf4 Nf2+ 23. Kg1 gxf4 24. Nxe4 Nxe4 25. Rxe4 Qh3 26. Nxf4+ 1-0

[Event "Noisy le Grand op"]
[Site "Noisy le Grand"]
[Date "2003.??.??"]
[Round "7"]
[White "Maurice, Olivier"]
[Black "Chenaf, Menad Hassen"]
[Result "0-1"]
[WhiteElo "1770"]
[BlackElo "1970"]
[PlyCount "88"]
[EventDate "2003.05.??"]
[EventType "swiss"]
[EventRounds "7"]
[EventCountry "FRA"]
[SourceTitle "EXT 2005"]
[Source "ChessBase"]
[SourceDate "2004.11.15"]
[SourceVersion "1"]
[SourceVersionDate "2004.11.15"]
[SourceQuality "1"]

1. e4 Nf6 2. Nc3 d6 3. d4 Nc6 4. f4 Bg4 5. Qd3 Bd7 6. a3 e5 7. fxe5 dxe5 8. d5 Ne7 9. Nf3 Ng6 10. Be3 a6 11. Qd2 Bd6 12. Bd3 b6 13. b4 0-0 14. 0-0 a5 15. Ne2 h6 16. Kh1 Nxe4 17. Bxe4 f5 18. Bxf5 Bxf5 19. c4 Qe7 20. bxa5 Rxa5 21. a4 Bd7 22. Qc2 e4 23. Nd2 Rxf1+ 24. Nxf1 Qe5 25. Bd4 Qe7 26. Bc3 Ra8 27. Nfg3 Re8 28. a5 bxa5 29. Bxa5 Nf4 30. Nxf4 Bxf4 31. Ne2 Bd6 32. c5 Bxc5 33. Bxc7 Bg4 34. Bg3 Rc8 35. Ra4 Qf7 36. Qd1 Be3 37. Ra1 Qh5 38. Qb3 Qg5 39. h4 Qf6 40. d6+ Kh8 41. Qa4 Bxe2 42. Re1 Bf2 43. d7 Rd8 44. Rxe2 Bxg3 0-1